000 00403nam a2200145Ia 4500
008 151213s9999 xx 000 0 und d
100 _aফজলে
245 _aভাষা তত্ত্ব।
_cফজলে
260 _aঢাকা
_bবাংলা একাডেমী।
_c1970
300 _a8730 p.
650 _aBangla
650 _aভাষা
700 _aফজলে
999 _c4516
_d4516